000 00316nam a2200133Ia 4500
008 240624s9999 xx 000 0 und d
041 _aeng
082 _a519.5 ALA
100 _aALAGAR K
245 _aBUSINESS STATISTICS
250 _a(2nd ed.)
260 _c2014
_aNew Delhi
_bTata McGraw - Hill
365 _cRS
_b33
999 _c25950
_d25950